01540nam a2200349Ia 4500001001100000003000800011006001900019007001500038008004100053010001700094020002800111040002100139035002000160050002700180082001700207245010000224260005500324300002500379490014000404504005300544533015200597546001300749650002600762650002400788650003200812655002900844700002900873710001700902830013100919856012501050999001501175ebr5000226CaPaEBRm u cr cn|||||||||981105s1999 ne a sbi 001 0 eng d z 98050930  z155619885X (alk. paper) aCaPaEBRcCaPaEBR a(OCoLC)7076518314aP325.5.C65bT48 1999eb04a410/.1/822100aText and context in functional linguisticsh[electronic resource] /cedited by Mohsen Ghadessy. aAmsterdam ;aPhiladelphia :bJ. Benjamins,cc1999. axvii, 340 p. :bill.1 aAmsterdam studies in the theory and history of linguistic science. Series IV, Current issues in linguistic theory,x0304-0763 ;vv. 169 aIncludes bibliographical references and indexes. aElectronic reproduction.bPalo Alto, Calif. :cebrary,d2013.nAvailable via World Wide Web.nAccess may be limited to ebrary affiliated libraries. aEnglish. 0aContext (Linguistics) 0aDiscourse analysis. 0aFunctionalism (Linguistics) 7aElectronic books.2local1 aGhadessy, Mohsen,d1935-2 aebrary, Inc. 0aAmsterdam studies in the theory and history of linguistic science.nSeries IV,pCurrent issues in linguistic theory ;vv. 169.40uhttp://site.ebrary.com/lib/rucke/Doc?id=5000226zAn electronic book accessible through the World Wide Web; click to view c2709d2709